| 000 | 02078nam a2200361 a 4500 | ||
|---|---|---|---|
| 001 | ebr10648825 | ||
| 003 | CaPaEBR | ||
| 006 | m u | ||
| 007 | cr cn||||||||| | ||
| 008 | 121204s2013 njuaf sb 001 0 eng d | ||
| 010 | _z 2012047995 | ||
| 020 | _z9780470959947 (cloth alk. paper) | ||
| 020 | _z9781118500163 (e-book) | ||
| 040 |
_aCaPaEBR _cCaPaEBR |
||
| 035 | _a(OCoLC)825767502 | ||
| 050 | 1 | 4 |
_aQK981 _b.P58 2013eb |
| 082 | 0 | 4 |
_a581.3/5 _223 |
| 245 | 0 | 0 |
_aPlant transposons and genome dynamics in evolution _h[electronic resource] / _ceditor, Nina V. Fedoroff. |
| 250 | _a1st ed. | ||
| 260 |
_aHoboken [N.J.] : _bWiley-Blackwell, _c2013. |
||
| 300 |
_axvii, 212 p., [6] p. of plates : _bill. |
||
| 504 | _aIncludes bibliographical references and index. | ||
| 505 | 0 | _aThe discovery of transposition / Nina V. Fedoroff -- A field guide to transposable elements / Alan H. Schulman and Thomas Wicker -- The mechanism of Ac/Ds transposition / Thomas Peterson and Jianbo Zhang -- McClintock and epigenetics / Nina V. Fedoroff -- Molecular mechanisms of transposon epigenetic regulation / Robert A. Martienssen and Vicki L. Chandler -- Transposons in plant gene regulation / Damon R. Lisch -- Imprinted gene expression and the contribution of transposable elements / Mary A. Gehring -- Transposons and gene creation / Hugo K. Dooner and Clifford F. Weil -- Transposons in plant speciation / Avraham A. Levy -- Transposons, genomic shock and genome evolution / Nina V. Fedoroff and Jeffrey L. Bennetzen. | |
| 533 |
_aElectronic reproduction. _bPalo Alto, Calif. : _cebrary, _d2013. _nAvailable via World Wide Web. _nAccess may be limited to ebrary affiliated libraries. |
||
| 650 | 0 | _aPlant genetics. | |
| 650 | 0 | _aPlant genomes. | |
| 650 | 0 | _aTransposons. | |
| 650 | 0 |
_aPlants _xEvolution. |
|
| 655 | 7 |
_aElectronic books. _2local |
|
| 700 | 1 |
_aFedoroff, Nina V. _q(Nina Vsevolod), _d1942- |
|
| 710 | 2 | _aebrary, Inc. | |
| 856 | 4 | 0 |
_uhttp://site.ebrary.com/lib/rucke/Doc?id=10648825 _zAn electronic book accessible through the World Wide Web; click to view |
| 999 |
_c45295 _d45295 |
||